Skoki Narciarskie - Medaliści IO z Austrii - Statystyki

Ogólne statystyki
  • Ten quiz został rozwiązany 71 razy
    31 od ostatniego zresetowania
  • Średni wynik to 9 z 13
Statystyki odpowiedzi
🥇 🥈 🥉 Skoczek % Poprawnych
1x - - Stefan Kraft
100%
3x 1x - Thomas Morgenstern
90%
1x 1x 2x Gregor Schlierenzauer
81%
1x 1x - Manuel Fettner
76%
1x - - Wolfgang Loitzl
76%
2x 1x - Andreas Kofler
71%
1x - - Stephan Embacher
71%
2x - - Jan Horl
67%
1x - - Martin Koch
62%
1x - - Daniel Huber
57%
1x - - Andreas Widholzl
52%
- 1x - Michael Haybock
52%
- 1x - Thomas Diethart
38%
Nie znaleziono quizów pasujących do podanych kryteriów
Rozkład punktacji
Procent ludzi z każdym wynikiem
Percentyl według liczby udzielonych odpowiedzi
Twoja historia wyników
Nie rozwiązałeś tego quizu od ostatniego zresetowania